Die grossen Liebespaare des 20. Jahrhunderts

Bibliographic Details
Main Author: Neidenbauer, Jörg (Adapter, Compiler)
Format: Book
Language:German
PhysicalDescription:336 s. fotogr. (prevažne fareb.) 29 cm
Published: [Niedernhausen/Ts.] Bassermann 2000
ISBN:3809450243
Subjects:

MARC

LEADER 00000nam a2200000 a 4500
001 vtls001428682
003 SK-MaSNL
005 20260301013125.0
008 240226s2000 DE a rd ger
020 |a 3809450243 
035 |a SNK000383680 
035 |a urn:nbn:sk:snk-amyh7d 
035 |a urn:nbn:sk:snk-am00cld0 
035 |a 816A420B-2DC9-42F4-BF23-1B83A28B3DA8 
040 |a SNK  |b slo  |c SNK  |e AACR2 
041 0 |a ger 
044 |a DE 
080 |a 929(100)"19"(084.12)  |2 1981 
245 0 4 |a Die grossen Liebespaare des 20. Jahrhunderts  |c zusammengestellt und bearbeitet von Jörg Meidenbauer 
260 |a [Niedernhausen/Ts.]  |b Bassermann  |c 2000  |e [Martin  |f Neografia] 
300 |a 336 s.  |b fotogr. (prevažne fareb.)  |c 29 cm 
500 |a Vyd. Faktum Lexikon Institut 
650 0 7 |a osobnosti významné  |x vzťahy  |y stor. 20.  |x state a fotografie  |2 SNK  |9 299332 
700 1 |a Neidenbauer, Jörg  |4 com  |4 adp  |9 299333 
919 |a 3-8094-5024-3 
958 |a OND 
999 |c 555261  |d 557191 
952 |t P60, <03>, [BOOK], {603}  |a SNK  |b SNK  |y PREZ  |7 0  |p 17A0334706  |o snkSB 64586  |i snkKSP 2373/2002  |0 0  |1 0  |4 0  |d 2002-02-25  |f 1  |l 0  |r 2025-04-14 00:00:00  |w 2026-02-23